| 000 | 01252cam a2200337 a 4500 | ||
|---|---|---|---|
| 001 | 2620 | ||
| 005 | 20240105110308.0 | ||
| 020 | _a0689836015 | ||
| 020 | _a9780689836022 | ||
| 040 |
_aDLC _cDLC _dDLC _beng |
||
| 050 | 0 | 0 |
_aPZ7.K8352 _bSi 2000 |
| 082 | 0 | 0 |
_a813.54 _221 |
| 100 | 1 | _aKonigsburg, E. L. | |
| 245 | 1 | 0 |
_aSilent to the bone / _cE.L. Konigsburg |
| 250 | _aFirst Aladdin Paperbacks edition April 2002 | ||
| 260 |
_aNew York : _bAladdin Paperbacks, _c2000 |
||
| 300 |
_a261 pages : _c20 cm |
||
| 500 | _aCompanion book to: The outcasts of 19 Schuyler Place and The mysterious edge of the heroic world. | ||
| 505 | _aP | ||
| 520 | _aWhen he is wrongly accused of gravely injuring his baby half-sister, thirteen-year-old Branwell loses his power of speech and only his friend Connor is able to reach him and uncover the truth about what really happened. | ||
| 521 |
_a810 _bLexile |
||
| 521 |
_aP _bRaz-Plus |
||
| 650 | 1 |
_aSelective mutism _vFiction. |
|
| 650 | 1 |
_aEmotional problems _vFiction. |
|
| 650 | 1 |
_aBabysitters and babysitting _vFiction. |
|
| 650 | 1 |
_aRemarriage _vFiction. |
|
| 650 | 1 |
_aSiblings _vFiction. |
|
| 650 | 1 |
_aFriendship _vFiction. |
|
| 906 |
_a7 _bcbc _corignew _d1 _eocip _f20 _gy-gencatlg |
||
| 942 |
_2ddc _cBK _n0 |
||
| 999 |
_c2620 _d2620 |
||